000
00293nam a2200121Ia 4500
008
231129s2001||||xx |||||||||||||| ||spa||
040
_b
spa
082
_a
344.0465 C737c
245
0
_a
Compendio de normas legales sobre salud ocupacional
260
_c
2001
264
_a
Arseg
942
_2
ddc
_c
BKS
999
_c
7729
_d
7729